OPAC Home

දර මඩුවේ අභිරහස පෙට්ටි ගෙදර දරුවෝ 7 (Record no. 42184)

MARC details
000 -LEADER
fixed length control field 00609nam a2200181Ia 4500
008 - FIXED-LENGTH DATA ELEMENTS--GENERAL INFORMATION
fixed length control field 120911t2010 xxu||||| |||| 00| 0 sin d
041 ## - LANGUAGE CODE
Language code of text/sound track or separate title Sinhala; Sinhalese
080 ## - UNIVERSAL DECIMAL CLASSIFICATION NUMBER
Universal Decimal Classification number 8 S 31 (eng)
Item number WAR
942 ## - ADDED ENTRY ELEMENTS (KOHA)
Koha item type Books
003 - CONTROL NUMBER IDENTIFIER
control field LK-CoDNM
040 ## - CATALOGING SOURCE
Original cataloging agency LK-CoDNM
Modifying agency LK-CoDNM
Description conventions LK-CoDNM
100 ## - MAIN ENTRY--PERSONAL NAME
Personal name Warner, Gertrude Chandler
700 ## - ADDED ENTRY--PERSONAL NAME
Personal name Subhasinghe, Sandhya Kumuduni
Relator term translater
245 ## - TITLE STATEMENT
Title දර මඩුවේ අභිරහස පෙට්ටි ගෙදර දරුවෝ 7
246 ## - VARYING FORM OF TITLE
Title proper/short title Dara Maduwe Abhirahasa Petti Gedara Daruwo 7
260 ## - PUBLICATION, DISTRIBUTION, ETC. (IMPRINT)
Place of publication, distribution, etc. Suleka Publishers
-- Mulleriyawa Nawa Nagaraya
Date of publication, distribution, etc. 2010
300 ## - PHYSICAL DESCRIPTION
Other physical details 150p, ill, 21 cm
Holdings
Withdrawn status Lost status Damaged status Not for loan Collection code Permanent Location Current Location Date acquired Full call number Barcode Koha item type
        Translation Library National Museum Colombo - Sri Lanka Library National Museum Colombo - Sri Lanka 2012-09-11 8 S 31 (eng) WAR 153841 Books
Copyright © 2023 Department of National Museum, Colombo 07, Sri Lanka Funded by UNESCO IFAP UNESCO